000 00563nam a2200169Ia 4500
999 _c35574
_d35574
003 GCL
005 20240530102938.0
008 140319s9999 xx 000 0 ara d
040 _aGCL /
_cGCL
082 0 4 _a191
_bا ر
100 0 _aاحمد عبدالسلام
245 1 0 _aرسائل حسين الى خير الدين /
_cاحمد عبدالسلام
260 _a[S.N] :
_bالمؤسسة الوطنية للترجمة والتحقيق ،
_c1991
300 _a3 جزء ؛
_c24 سم.
490 _aجذور الفكر الاصلاحى
_v0
942 _2ddc
_cBK